000 00668nam a22002297a 4500
008 151013b xxu||||| |||| 00| 0 eng d
020 _a9780073529851
020 _a0073529850
041 0 _aeng
080 _a656.07
100 1 _aPeter, J. Paul.
245 1 0 _aConsumer behavior and marketing strategy /
_c Paul Peter, Jerry C. Olson.
246 1 4 _aConsumer behavior & marketing strategy
250 _a8th ed.
260 _aBoston :
_bMcGraw-Hill/Irwin,
_c2008.
300 _axix, 555 f. :
_bme il.;
_c27 cm.
650 0 _aMarketing
650 0 _aSjellja në organizatë
650 0 _aSjellja e konsumatorëve
700 1 _aOlson, Jerry C.
942 _2udc
_cBK
999 _c1276
_d1276